Loading...
| Science - Chemistry | 0 | 4 | 0 | 1 | 40 | 77 | 95.25 | 2 | 3 |
| Literature - World Literature | 0 | 3 | 0 | 1 | 30 | 76 | 110.67 | 0 | 2 |
| History - European History | 0 | 3 | 0 | 1 | 30 | 78 | 93.00 | 0 | 2 |
| History - World History | 1 | 1 | 0 | 1 | 25 | 52 | 79.50 | 0 | 0 |
| Literature - European Literature | 0 | 3 | 1 | 0 | 25 | 82 | 100.67 | 0 | 2 |
| History - Other History | 0 | 2 | 0 | 2 | 20 | 82 | 108.00 | 0 | 0 |
| Science - Physics | 0 | 2 | 1 | 0 | 15 | 82 | 87.00 | 0 | 1 |
| Fine Arts - Auditory Fine Arts | 0 | 2 | 1 | 2 | 15 | 132 | 145.50 | 0 | 0 |
| Literature - American Literature | 0 | 2 | 1 | 1 | 15 | 108 | 115.00 | 0 | 2 |
| Current Events | 0 | 1 | 0 | 0 | 10 | 92 | 92.00 | 0 | 0 |
| Fine Arts - Other Fine Arts | 0 | 1 | 0 | 1 | 10 | 132 | 132.00 | 0 | 0 |
| Literature - British Literature | 0 | 1 | 1 | 1 | 5 | 103 | 103.00 | 0 | 0 |
| Mythology | 0 | 1 | 1 | 1 | 5 | 92 | 92.00 | 0 | 1 |
| Science - Biology | 0 | 1 | 1 | 0 | 5 | 86 | 86.00 | 0 | 1 |
| Science - Other Science | 0 | 1 | 1 | 1 | 5 | 130 | 130.00 | 0 | 1 |
| Philosophy | 0 | 1 | 2 | 0 | 0 | 126 | 126.00 | 0 | 0 |
| Fine Arts - Visual Fine Arts | 0 | 1 | 2 | 0 | 0 | 92 | 92.00 | 0 | 0 |
| Social Science | 0 | 0 | 1 | 0 | -5 | 0.00 | 0 | 0 | |
| History - American History | 0 | 0 | 2 | 0 | -10 | 0.00 | 0 | 0 |